00528 2200181 4500001002100000005001700021035002500038040001200063082001800075084002400093100001300117245005400130260008400184300002100268650003600289990001000325990001100335YOGYA00000000004578420150708142142.0 a0010-081400000045502 aYOPDYOG a720.992 113 7 a720.992 113 7 Sal A aSaleh, M aArsitektur rumah adat tradisional Niasc/ M Saleh aJakartabProyek Pengembangan Media Kebudayaan Ditjen Kebudayaan Depdikbudc1988 a46 hlm.c; 21 cm aArsitektur Bangunan tradisional a129-P a8484-A